Statistiques concernant Quel est l’intrus ? - Géographie du monde

Cliquez ici pour prendre le quiz!

Statistiques générales

  • Ce quiz a été pris 191 fois
    (43 depuis la dernière actualisation)
  • Le résultat moyen est 4 sur 10

Statistiques - réponses

QuestionRéponse% Correct
Trouvez l’intrusCalisota
83%
Trouvez l’intrusÉcosse
61%
Trouvez l’intrusKyoto
59%
Trouvez l’intrusNagoya
51%
Trouvez l’intrusJakarta
49%
Trouvez l’intrusLugano
46%
Trouvez l’intrusAmazonie
41%
Trouvez l’intrusAlbanie
20%
Trouvez l’intrusLos Angeles
20%
Trouvez l’intrusMont Elbert
20%

Distribution des résultats

Percentile par nombre de réponses

% des personnes avec chaque résultat

Votre développement - résultats

Vous n’avez pas pris ce quiz depuis la dernière actualisation